000 00427nam a2200169Ia 4500
001 4435
003 IN-NITTTR
005 20251114232959.0
008 251113s9999||||xx |||||||||||||| ||eng||
040 _beng
040 _cIN-NITTTR
041 _aeng
082 _a621.93 H323P
100 _aHaycock, A. H.
245 0 _aPrinciples of machine woodworking :
_b tenoning mortosong and boring /
_cHaycock, A. H.
942 _2ddc
_cBK
999 _c7071
_d7071